Statistiques concernant Leaders mondiaux n°5

Cliquez ici pour prendre le quiz!

Statistiques générales

  • Ce quiz a été pris 65 fois
  • Le résultat moyen est 10 sur 14

Statistiques - réponses

Leader de la. ..Pays% Correct
Dmitri MedvedevRussie
100%
François HollandeFrance
100%
Barack ObamaÉtats-Unis
100%
Ramsès IIEgypte
100%
Theresa MayRoyaume-Uni
98%
David Ben-GurionIsrael
66%
Park Geun-hyeCorée du Sud
63%
Álvaro Uribe VélezColombie
61%
Stephen HarperCanada
61%
Abdallah IIJordanie
58%
Göran PerssonSuède
56%
Jean-Bertrand AristideHaiti
47%
Idi Amin DadaOuganda
42%
Thomas SankaraBurkina Faso
22%

Distribution des résultats

Percentile par nombre de réponses

% des personnes avec chaque résultat

Votre développement - résultats

Vous n’avez pas pris ce quiz